La crise de l'état prussien a la fin du XVIII siècle

Uloženo v:
Podrobná bibliografie
Hlavní autor: Brunschwig, Henri (Autor)
Médium: Kniha
Jazyk:francouzština
Vydáno: París Presses Universitaires de France 1947
Témata:
Tagy: Přidat tag
Žádné tagy, Buďte první, kdo vytvoří štítek k tomuto záznamu!

MARC

LEADER 00000nam a2200000 a 4500
001 UCO0770
003 CL-VaPUC
008 000428e19470000FR |||||||||||||||||fre|d
082 0 4 |a 943.05  |b BRU  |2 21 
100 0 |a Brunschwig, Henri  |e author  |9 442255 
245 1 3 |a La crise de l'état prussien a la fin du XVIII siècle 
300 |a 342 p 
942 |c BK 
945 |d 20000428 00:00:00  |a rherrera 
260 |a París  |b Presses Universitaires de France  |c 1947 
600 0 7 |a FEDERICO II  |2 CL-VaPUC  |9 400945 
650 7 |a HISTORIA DE ALEMANIA SIGLO 18  |2 CL-VaPUC  |9 442256 
650 7 |a HISTORIA DE ALEMANIA 1750  |2 CL-VaPUC  |9 442257 
650 7 |a CRISIS POLITICA  |2 CL-VaPUC  |9 327740 
650 7 |a CRISIS ECONOMICA  |2 CL-VaPUC  |9 442258 
650 7 |a CRISIS SOCIAL  |2 CL-VaPUC  |9 330236 
650 7 |a CRISIS MORAL  |2 CL-VaPUC  |9 354845 
651 0 |a Prusia  |9 332663 
651 0 |a Alemania  |9 255688 
583 |a last modification  |c 20120830 10:25:26  |k Rodrigo Vera 
999 |c 287417  |d 287415 
952 |0 0  |1 0  |4 0  |6 943_050000000000000_BRU_1947  |7 0  |8 X  |9 334266  |a BIBHIS  |b BIBHIS  |d 2019-11-20  |i 1266071  |o 943.05 BRU 1947  |p 1266071  |r 2024-01-30  |w 2019-11-20  |y BK_X  |k HIS